[Event "Campos Migjorn op"]
[Site "Campos"]
[Date "2016.10.01"]
[Round "8"]
[White "Navarro Gil, Ricardo"]
[Black "Martorell Prats, Antonio"]
[Result "1/2-1/2"]
[WhiteElo "1724"]
[BlackElo "1583"]
[PlyCount "45"]
[EventDate "2016.09.09"]
[EventType "swiss"]
[EventRounds "8"]
[EventCountry "ESP"]
[SourceTitle "EXT 2017"]
[Source "ChessBase"]
[SourceDate "2016.10.25"]
[SourceVersion "1"]
[SourceVersionDate "2016.10.25"]
[SourceQuality "1"]

1. e4 e5 2. Nf3 Nc6 3. Bc4 Bc5 4. Nc3 Nf6 5. 0-0 0-0 6. a3 a6 7. d3 d6 8. h3 h6 9. Ne2 b5 10. Ba2 Ne7 11. Be3 Bxe3 12. fxe3 Be6 13. Bxe6 fxe6 14. Ng3 c5 15. c3 Qb6 16. Qc2 Nc6 17. Rad1 Rad8 18. d4 exd4 19. exd4 c4 20. Kh1 Ne7 21. Rd2 Qc7 22. Rdf2 e5 23. Nh4 1/2-1/2

[Event "Campos Migjorn op"]
[Site "Campos"]
[Date "2016.09.17"]
[Round "4"]
[White "Rossello Sanchez, Bartolome"]
[Black "Navarro Gil, Ricardo"]
[Result "1-0"]
[WhiteElo "1510"]
[BlackElo "1724"]
[PlyCount "59"]
[EventDate "2016.09.09"]
[EventType "swiss"]
[EventRounds "8"]
[EventCountry "ESP"]
[SourceTitle "EXT 2017"]
[Source "ChessBase"]
[SourceDate "2016.10.25"]
[SourceVersion "1"]
[SourceVersionDate "2016.10.25"]
[SourceQuality "1"]

1. b3 e5 2. Bb2 Nc6 3. e3 Bc5 4. a3 d6 5. d3 Nf6 6. Be2 0-0 7. Nd2 Be6 8. g4 Nd7 9. h4 f5 10. gxf5 Bxf5 11. Bg4 Qf6 12. Bxf5 Qxf5 13. Qe2 a5 14. Ne4 Ba7 15. Rh3 h6 16. Rf3 Qe6 17. Rg3 d5 18. Nc3 Ne7 19. h5 c5 20. Nb5 Bb6 21. a4 Rac8 22. c4 Nf6 23. Nh3 Nf5 24. Rg1 Qe7 25. Qf3 Qe6 26. cxd5 Nxd5 27. Rg6 Qd7 28. Qg4 Qe7 29. e4 Nb4 30. 0-0-0 1-0

[Event "Campos Migjorn op"]
[Site "Campos"]
[Date "2016.09.16"]
[Round "3"]
[White "Navarro Gil, Ricardo"]
[Black "Hermida Izquierdo, Miguel Angel"]
[Result "0-1"]
[WhiteElo "1724"]
[BlackElo "1671"]
[PlyCount "45"]
[EventDate "2016.09.09"]
[EventType "swiss"]
[EventRounds "8"]
[EventCountry "ESP"]
[SourceTitle "EXT 2017"]
[Source "ChessBase"]
[SourceDate "2016.10.25"]
[SourceVersion "1"]
[SourceVersionDate "2016.10.25"]
[SourceQuality "1"]

1. e4 c5 2. f4 g6 3. Nf3 Bg7 4. Bc4 e6 5. Nc3 a6 6. a4 Ne7 7. d3 Nbc6 8. 0-0 0-0 9. Ne2 d5 10. Bb3 b6 11. c3 Bb7 12. Be3 Na5 13. Bc2 c4 14. Ng3 Qc7 15. d4 dxe4 16. Bxe4 Nd5 17. Qe2 b5 18. Ne5 f6 19. Nf3 Nb3 20. Ra2 Rfe8 21. Nd2 Nxd2 22. Bxd2 Nb6 23. Bxb7 0-1

[Event "Campos Migjorn op"]
[Site "Campos"]
[Date "2016.09.09"]
[Round "1"]
[White "Mateu Borrero, Miquel Angel"]
[Black "Navarro Gil, Ricardo"]
[Result "0-1"]
[WhiteElo "1340"]
[BlackElo "1724"]
[PlyCount "100"]
[EventDate "2016.09.09"]
[EventType "swiss"]
[EventRounds "8"]
[EventCountry "ESP"]
[SourceTitle "EXT 2017"]
[Source "ChessBase"]
[SourceDate "2016.10.25"]
[SourceVersion "1"]
[SourceVersionDate "2016.10.25"]
[SourceQuality "1"]

1. e4 e5 2. Nf3 Nc6 3. Bc4 Bc5 4. c3 Nf6 5. d4 exd4 6. cxd4 Bb4+ 7. Nc3 Nxe4 8. 0-0 Nxc3 9. bxc3 Bxc3 10. Ba3 d6 11. Qe2+ Qe7 12. Qxe7+ Nxe7 13. Rac1 Ba5 14. d5 0-0 15. Bb3 Bg4 16. Nd4 a6 17. h3 Bd7 18. Rcd1 Nf5 19. Rd3 Rfe8 20. Nxf5 Bxf5 21. Rg3 f6 22. Bc1 Re2 23. Bh6 Bg6 24. Bc4 Re7 25. Be3 b5 26. Bb3 Rae8 27. a4 Rb8 28. Ba7 Rb7 29. Be3 bxa4 30. Bxa4 Be8 31. Bxe8 Rxe8 32. Ra1 Rb5 33. Bh6 g6 34. Rd3 Re5 35. Rad1 Bb6 36. Bf4 Re2 37. Be3 Rbb2 38. Bxb6 cxb6 39. Rf3 Kf7 40. Kf1 Red2 41. Rxd2 Rxd2 42. Rc3 Rxd5 43. Rc7+ Ke6 44. Rxh7 a5 45. Ra7 Rd4 46. Ra6 Rb4 47. Ke2 a4 48. g4 b5 49. f3 Rb3 50. Ra5 a3 0-1

[Event "Mallorca-chT Primera"]
[Site "Palma de Mallorca"]
[Date "2012.03.10"]
[Round "6.4"]
[White "Morant Sampol, Jaime"]
[Black "Navarro Gil, Ricardo"]
[Result "0-1"]
[WhiteElo "1877"]
[BlackElo "1861"]
[PlyCount "53"]
[EventDate "2012.01.28"]
[EventType "team"]
[EventRounds "9"]
[EventCountry "ESP"]
[SourceTitle "EXT 2014"]
[Source "ChessBase"]
[SourceDate "2013.11.20"]
[SourceVersion "1"]
[SourceVersionDate "2013.11.20"]
[SourceQuality "1"]

1. e4 e5 2. Nf3 Nc6 3. Bc4 Bc5 4. b4 Bxb4 5. c3 Be7 6. Qb3 Nh6 7. Qa4 f5 8. d3 f4 9. d4 a6 10. d5 Na7 11. Qd1 d6 12. g3 g5 13. h4 Bg4 14. hxg5 Bxg5 15. gxf4 exf4 16. e5 dxe5 17. Qe2 Nf7 18. Ba3 Nc8 19. Rg1 h5 20. Rxg4 hxg4 21. Nxg5 Qxg5 22. Nd2 Ncd6 23. Bd3 Rh1+ 24. Nf1 f3 25. Qb2 g3 26. fxg3 Qxg3+ 27. Kd2 0-1

[Event "Mallorca-chT Primera"]
[Site "Palma de Mallorca"]
[Date "2012.03.03"]
[Round "5.2"]
[White "Navarro Gil, Ricardo"]
[Black "Moreno Garcia, Alfonso"]
[Result "1/2-1/2"]
[WhiteElo "1861"]
[BlackElo "2040"]
[PlyCount "86"]
[EventDate "2012.01.28"]
[EventType "team"]
[EventRounds "9"]
[EventCountry "ESP"]
[SourceTitle "EXT 2014"]
[Source "ChessBase"]
[SourceDate "2013.11.20"]
[SourceVersion "1"]
[SourceVersionDate "2013.11.20"]
[SourceQuality "1"]

1. e4 e5 2. Nf3 Nc6 3. Bc4 Bc5 4. d3 Nf6 5. Bg5 d6 6. h3 a6 7. Nc3 h6 8. Be3 Bxe3 9. fxe3 Na5 10. Bb3 c5 11. Bd5 Rb8 12. a4 0-0 13. 0-0 b5 14. axb5 axb5 15. Qe1 b4 16. Ne2 Nxd5 17. exd5 f5 18. Qg3 Bd7 19. Nd2 Bb5 20. b3 Nb7 21. Nc4 Ra8 22. Qf3 Bxc4 23. dxc4 Ra3 24. Qh5 Rxa1 25. Rxa1 Kh7 26. Rf1 g6 27. Qf3 Qa5 28. g4 Qa2 29. Rc1 Kg7 30. Qg3 Qb2 31. Qe1 fxg4 32. hxg4 Ra8 33. Qg3 Nd8 34. g5 h5 35. Qh3 Nf7 36. Qe6 Nxg5 37. Qxd6 e4 38. Qxc5 Nf3+ 39. Kg2 Qe5 40. Rh1 Rf8 41. Nf4 Rxf4 42. exf4 Qxf4 43. Qe7+ Kh6 1/2-1/2

[Event "Mallorca-chC"]
[Site "Palma de Mallorca"]
[Date "2011.12.17"]
[Round "8"]
[White "Navarro Gil, Ricardo"]
[Black "Orcera Gomez, Francisco"]
[Result "1-0"]
[WhiteElo "1833"]
[BlackElo "1764"]
[PlyCount "47"]
[EventDate "2011.10.29"]
[EventType "swiss"]
[EventRounds "8"]
[EventCountry "ESP"]
[SourceTitle "EXT 2017"]
[Source "ChessBase"]
[SourceDate "2016.10.25"]
[SourceVersion "1"]
[SourceVersionDate "2016.10.25"]
[SourceQuality "1"]

1. e4 c5 2. f4 d6 3. Nf3 Nc6 4. Bc4 Nf6 5. Nc3 g6 6. 0-0 Bg4 7. h3 Bxf3 8. Rxf3 Bg7 9. d3 0-0 10. a3 a6 11. Ne2 b5 12. Ba2 Qc7 13. f5 Kh8 14. fxg6 fxg6 15. Nf4 Nd8 16. Qe1 e5 17. Nd5 Nxd5 18. Rxf8+ Bxf8 19. Bxd5 Rc8 20. Bg5 Nc6 21. Qh4 Ne7 22. Be6 Re8 23. Rf1 Bg7 24. Rf7 1-0

[Event "Mallorca-chC"]
[Site "Palma de Mallorca"]
[Date "2011.10.29"]
[Round "1"]
[White "Navarro Gil, Ricardo"]
[Black "Diez Cabeza, Vicente"]
[Result "1-0"]
[WhiteElo "1833"]
[BlackElo "1624"]
[PlyCount "113"]
[EventDate "2011.10.29"]
[EventType "swiss"]
[EventRounds "8"]
[EventCountry "ESP"]
[SourceTitle "EXT 2017"]
[Source "ChessBase"]
[SourceDate "2016.10.25"]
[SourceVersion "1"]
[SourceVersionDate "2016.10.25"]
[SourceQuality "1"]

1. e4 d5 2. exd5 Qxd5 3. Nc3 Qd6 4. Nf3 Nf6 5. Bc4 Bg4 6. h3 Bh5 7. g4 Bg6 8. d3 c6 9. Be3 Nbd7 10. Qd2 Nb6 11. Bb3 Nbd5 12. Bg5 h6 13. Bh4 Nxc3 14. Qxc3 Qf4 15. Ne5 e6 16. Bg3 Qb4 17. Qxb4 Bxb4+ 18. c3 Ba5 19. Nxg6 fxg6 20. Bxe6 Rd8 21. 0-0-0 Nd7 22. d4 Ke7 23. Rhe1 Rhe8 24. Bb3+ Kf6 25. Re3 Rxe3 26. fxe3 Re8 27. Re1 Nf8 28. Be5+ Kg5 29. Bxg7 Ne6 30. Be5 Kh4 31. Bd1 Rf8 32. Bb3 Re8 33. Rf1 Kxh3 34. Rf6 Nf8 35. Rf7 Bb6 36. Bd1 c5 37. Rxb7 cxd4 38. exd4 Kh4 39. Bg7 Kg5 40. c4 Ne6 41. c5 Rc8 42. Kb1 Bc7 43. Be5 Bxe5 44. dxe5 Rxc5 45. Rxa7 Rxe5 46. a4 Re1 47. Kc1 Rf1 48. b4 Nf4 49. b5 Nd3+ 50. Kd2 Ne5 51. a5 Nxg4 52. Bxg4 Kxg4 53. b6 h5 54. b7 Rb1 55. a6 h4 56. Ra8 h3 57. Rh8 1-0